000 00456nam a22001817a 4500
003 CEME
005 20210628210128.0
008 210215b xxu||||| |||| 00| 0 eng d
020 _a0-201-35470-5
040 _c.
082 _a005.276 FRA
100 _aFranklin, Derek Patton, Brooks
_978205
245 _aFlash creative web animatio
260 _aNEW DELHI
_bMACROMEDIA
_c2000
300 _a420P
650 _aWEB ANIMATION
_978206
942 _cBK
_2ddc
999 _c583365
_d583365